000 00626cam a22002173a 4500
001 38035
003 PGUSA
005 20140828083833.0
008 111116s2011||||xxu|||||s|||||000 | eng d
040 _aPGUSA
_beng
042 _adc
100 1 _aJames, Henry,
_d1843-1916
245 1 4 _aThe Letters of Henry James, (Vol. II)
_h[electronic resource] /
_cHenry James
260 _bProject Gutenberg,
_c2011
506 _aPublic domain in the USA.
516 _aElectronic text
700 1 _aLubbock, Percy,
_d1879-1965
830 0 _aProject Gutenberg
_v38035
856 4 0 _uhttp://www.gutenberg.org/ebooks/38035
942 _cEB
999 _c267289
_d267289